| 000 | 01248cam6a220028901 4500 | ||
|---|---|---|---|
| 001 | qce00946514 | ||
| 005 | 20190830113140.0 | ||
| 008 | 820209r19691930lh bcj b 000 0 eng d | ||
| 035 | _a(Sirsi) r71345 | ||
| 035 | _a(QCAT)lss03314548 | ||
| 035 | _a(UPRA)qce00946514 | ||
| 040 | _dUPRA | ||
| 100 | 1 |
_aSoga, John Henderson. _6A32529.1 |
|
| 245 | 1 | 4 |
_aThe south-eastern Bantu : _b(Abe-Nguni, Aba-Mbo, Ama-Lala) / _cby J. Henderson Soga. |
| 260 |
_aNendeln, Liechtenstein : _bKraus Reprint, _c1969. |
||
| 440 | 0 |
_aBantu studies. Supplement ; _vno.4 _6S5454.1 |
|
| 500 | _aReprint. Originally published: Johannesburg : Witwatersrand University Press, 1930. | ||
| 500 | _aErrata leaf inserted between p. [xxiv] and [xxv] | ||
| 500 | _a"Editor's introduction" and "A biographical note on the author" signed: R.F.A.H. [i.e. Reinhold Friedrich Alfred Hoernle] | ||
| 504 | _aBibliography: p. [xxi]-xxiii. | ||
| 650 | 0 |
_aBantus. _6S3924.1 |
|
| 650 | 0 |
_aKafirs (African people) _6S24237.1 |
|
| 700 | 1 |
_aHoernle, Reinhold Friedrich Alfred, 1880-1943. _dHoernle, Reinhold Friedrich Alfred, 1880-1943. _6A32530.1 |
|
| 949 |
_aDT8008 _wlcc _i-96700 _mMAIN _tBOOK _lON-SHELF |
||
| 949 |
_aDT8008 _wlcc _i33729000445101 _mMAIN _tBOOK _lON-SHELF |
||
| 004 | 71345 | ||
| 999 |
_c192804 _d192804 |
||